From people to community : (Record no. 143453)

MARC details
000 -LEADER
fixed length control field 00620nam a22001937a 4500
005 - DATE AND TIME OF LATEST TRANSACTION
control field 20170817112057.0
010 ## - LCCN (DPL NO)
LC control number ENG-119854
020 ## - INTERNATIONAL STANDARD BOOK NUMBER
International Standard Book Number 978814564875
Terms of availability 250.00
035 ## - SYSTEM CONTROL NUMBER
System control number EN-103386
037 ## - SOURCE OF ACQUISITION
Source of stock number/acquisition DBAD/PUB
082 ## - DEWEY DECIMAL CLASSIFICATION NUMBER
Classification number 262.00954
100 ## - MAIN ENTRY--PERSONAL NAME
Personal name Danial,Monodeep
245 ## - TITLE STATEMENT
Title From people to community :
Statement of responsibility, etc by Monodeep Danial
Remainder of title understanding faith and order of the Church of North India /
260 ## - PUBLICATION, DISTRIBUTION, ETC. (IMPRINT)
Place of publication, distribution, etc Kolkata
Name of publisher, distributor, etc ISPCK
Date of publication, distribution, etc 2015
270 ## - ADDRESS
Address 1584,1654,Madarsa Road,Kahmere Gate
City Delhi
Postal code 110006
300 ## - PHYSICAL DESCRIPTION
Extent xiii,174p
Dimensions 21cm.(pbk)
500 ## - GENERAL NOTE
General note Includes index
942 ## - ADDED ENTRY ELEMENTS (KOHA)
Source of classification or shelving scheme Dewey Decimal Classification
Item type English Books
Classification part 262.00954
Call number suffix DAN
Holdings
Withdrawn status Lost status Not for loan Collection code Home library Current library Date acquired Source of acquisition Cost, normal purchase price Full call number Barcode Copy number Cost, replacement price Koha item type
      Non-fiction Shahdara Branch Shahdara Branch 17/08/2017 DBAD/PUB 250.00 262.00954 DAN EN-103386 1 250.00 English Books

© Delhi Public Library
Hit Counter
free hit counter